[Event "BAN-ch 44th"]
[Site "Dhaka"]
[Date "2018.12.01"]
[Round "8"]
[White "Nayem, Haque"]
[Black "Swadhin, Sarkar"]
[Result "1/2-1/2"]
[WhiteElo "2074"]
[BlackElo "1875"]
[PlyCount "60"]
[EventDate "2018.11.24"]
[EventType "swiss"]
[EventRounds "10"]
[EventCountry "BAN"]
[SourceTitle "CBM 187 Extra"]
[Source "ChessBase"]
[SourceDate "2018.11.04"]
[SourceVersion "1"]
[SourceVersionDate "2018.11.04"]
[SourceQuality "1"]

1. e4 c5 2. Nf3 d6 3. Bb5+ Nd7 4. Nc3 a6 5. Be2 e6 6. 0-0 Ngf6 7. d3 Be7 8. Re1 b5 9. Bf1 Qc7 10. Bf4 Nh5 11. Bg5 Nhf6 12. Bf4 Nh5 13. Bd2 Nhf6 14. Bf4 Nh5 15. Bg5 Nhf6 16. Ne2 d5 17. exd5 Nxd5 18. Bxe7 Nxe7 19. a4 Bb7 20. axb5 axb5 21. Rxa8+ Bxa8 22. Nc3 Bc6 23. d4 c4 24. d5 exd5 25. Nd4 Kf8 26. Ndxb5 Bxb5 27. Nxb5 Qc5 28. Nc3 Nf6 29. Qa1 g6 30. b4 cxb3 1/2-1/2

[Event "BAN-ch 44th"]
[Site "Dhaka"]
[Date "2018.11.30"]
[Round "7"]
[White "Swadhin, Sarkar"]
[Black "Jabed, Al Azad"]
[Result "0-1"]
[WhiteElo "1875"]
[BlackElo "2008"]
[PlyCount "150"]
[EventDate "2018.11.24"]
[EventType "swiss"]
[EventRounds "10"]
[EventCountry "BAN"]
[SourceTitle "CBM 187 Extra"]
[Source "ChessBase"]
[SourceDate "2018.11.04"]
[SourceVersion "1"]
[SourceVersionDate "2018.11.04"]
[SourceQuality "1"]

1. e4 c6 2. Nc3 d5 3. Nf3 Nf6 4. e5 Ne4 5. d3 Nxc3 6. bxc3 Bg4 7. d4 e6 8. Bd3 Be7 9. h3 Bxf3 10. Qxf3 0-0 11. Qg4 Re8 12. Bh6 Bf8 13. h4 Nd7 14. h5 f5 15. Qg3 Kh8 16. Bg5 Be7 17. f4 Qa5 18. Be2 c5 19. 0-0 cxd4 20. cxd4 Qd2 21. Bd3 Qc3 22. Qe3 Bb4 23. Rab1 Nb6 24. Rb3 Qd2 25. Qf3 Bf8 26. a4 Rab8 27. Rfb1 Rec8 28. Bh4 Qa5 29. Bb5 Qd2 30. Bd3 Qa5 31. Bb5 Nc4 32. Qe2 Qc7 33. Be1 a6 34. Bxc4 dxc4 35. Rb6 Qd7 36. c3 Rc6 37. a5 Be7 38. Qf3 Rxb6 39. Rxb6 Kg8 40. g4 g6 41. gxf5 gxf5 42. h6 Kh8 43. Kh2 Bd8 44. Rd6 Qf7 45. d5 exd5 46. Rxd5 Be7 47. Rd2 Qg6 48. Qh3 Rg8 49. Bf2 Qc6 50. Bd4 Rg4 51. Bf2 Kg8 52. Bg3 Rg6 53. Rg2 Qe4 54. Qh5 Bf8 55. Qe2 Qxe2 56. Rxe2 Rxh6+ 57. Kg2 Rc6 58. Rb2 Rc7 59. Bf2 Kf7 60. Rb6 Be7 61. Bd4 Ke8 62. Kf3 Bd8 63. Rh6 Re7 64. Rh5 Rf7 65. e6 Re7 66. Bc5 Rxe6 67. Rxh7 Bxa5 68. Rxb7 Bxc3 69. Rb8+ Kd7 70. Rf8 Rf6 71. Ra8 a5 72. Ke2 Re6+ 73. Kf3 Kc6 74. Be3 Bb4 75. Ra7 Rxe3+ 0-1

[Event "BAN-chB 44th"]
[Site "Dhaka"]
[Date "2018.11.15"]
[Round "3"]
[White "Nayem, Haque"]
[Black "Swadhin, Sarkar"]
[Result "1/2-1/2"]
[WhiteElo "2074"]
[BlackElo "1875"]
[PlyCount "51"]
[EventDate "2018.11.13"]
[EventType "swiss"]
[EventRounds "9"]
[EventCountry "BAN"]
[SourceTitle "CBM 187 Extra"]
[Source "ChessBase"]
[SourceDate "2018.11.04"]
[SourceVersion "1"]
[SourceVersionDate "2018.11.04"]
[SourceQuality "1"]

1. e4 d6 2. d4 c6 3. Nc3 Nf6 4. Bg5 Qa5 5. Qd2 e5 6. Nf3 Bg4 7. Be2 Be7 8. Be3 Nbd7 9. 0-0 0-0 10. h3 Bh5 11. Rad1 Rfe8 12. Rfe1 Qc7 13. Bg5 Bf8 14. Nh4 Bxe2 15. Rxe2 g6 16. Nf3 Rad8 17. d5 Be7 18. a3 Nf8 19. g3 Nh5 20. Bxe7 Rxe7 21. Qe3 c5 22. Nh4 Ng7 23. g4 f6 24. Kh1 Rf7 25. Rf1 Qe7 26. Qg3 1/2-1/2